[Event "BUL-ch sf 80th"]
[Site "Plovdiv"]
[Date "2016.02.08"]
[Round "1"]
[White "Roydov, Plamen"]
[Black "Petkov, Vladimir"]
[Result "0-1"]
[WhiteElo "1845"]
[BlackElo "2481"]
[PlyCount "58"]
[EventDate "2016.02.08"]
[EventType "swiss"]
[EventRounds "9"]
[EventCountry "BUL"]
[SourceTitle "CBM 170 Extra"]
[Source "ChessBase"]
[SourceDate "2016.02.25"]
[SourceVersion "1"]
[SourceVersionDate "2016.02.25"]
[SourceQuality "1"]

1. b3 c5 2. Bb2 Nc6 3. e3 e5 4. Bb5 Nge7 5. Ne2 g6 6. d4 exd4 7. exd4 Bg7 8. 0-0 0-0 9. Bc3 d5 10. dxc5 d4 11. Bd2 d3 12. Nec3 dxc2 13. Qxc2 Nd4 14. Qd3 Bf5 15. Qc4 Nxb5 16. Qxb5 Bd3 17. Qxb7 Bxf1 18. Kxf1 Qd3+ 19. Kg1 Bxc3 20. Nxc3 Qxd2 21. Ne4 Qd4 22. Re1 Nf5 23. Ng5 Rae8 24. Ne4 Re7 25. Qc6 Re6 26. Qb7 Rfe8 27. Qxf7+ Kxf7 28. Ng5+ Kg7 29. Nxe6+ Rxe6 0-1

[Event "BUL-ch sf 78th"]
[Site "Plovdiv"]
[Date "2014.02.13"]
[Round "5"]
[White "Roydov, Plamen"]
[Black "Danov, Lyubomir"]
[Result "0-1"]
[WhiteElo "1757"]
[BlackElo "2226"]
[PlyCount "38"]
[EventDate "2014.02.10"]
[EventType "swiss"]
[EventRounds "9"]
[EventCountry "BUL"]
[SourceTitle "CBM 158 Extra"]
[Source "ChessBase"]
[SourceDate "2014.02.28"]
[SourceVersion "1"]
[SourceVersionDate "2014.02.28"]
[SourceQuality "1"]

1. d4 g6 2. Nf3 Bg7 3. e3 d6 4. b3 c5 5. Bb2 Nc6 6. Be2 Nh6 7. h4 Bg4 8. c3 0-0 9. Ng5 Bxe2 10. Qxe2 cxd4 11. cxd4 Rc8 12. a3 Na5 13. Qd3 e5 14. Nd2 Re8 15. b4 Nc6 16. d5 e4 17. Qb3 Bxb2 18. Qxb2 Ne5 19. Ngxe4 Nd3+ 0-1

[Event "BUL-ch sf 78th"]
[Site "Plovdiv"]
[Date "2014.02.12"]
[Round "3"]
[White "Roydov, Plamen"]
[Black "Kolev, Atanas Tonchev"]
[Result "0-1"]
[WhiteElo "1757"]
[BlackElo "2132"]
[PlyCount "68"]
[EventDate "2014.02.10"]
[EventType "swiss"]
[EventRounds "9"]
[EventCountry "BUL"]
[SourceTitle "CBM 158 Extra"]
[Source "ChessBase"]
[SourceDate "2014.02.28"]
[SourceVersion "1"]
[SourceVersionDate "2014.02.28"]
[SourceQuality "1"]

1. d4 Nf6 2. Nf3 d6 3. b3 g6 4. Bb2 Bg7 5. e3 c5 6. dxc5 Qa5+ 7. Nbd2 Qxc5 8. Be2 Nc6 9. a3 0-0 10. b4 Qf5 11. h3 b6 12. 0-0 Bb7 13. Bd3 Qd7 14. c4 e5 15. e4 Nh5 16. Re1 Nf4 17. Bf1 Rad8 18. Nb1 f5 19. Nc3 Ne7 20. Nd5 fxe4 21. Rxe4 Nexd5 22. cxd5 Qf5 23. Rxf4 Qxf4 24. Bc1 Qe4 25. Bg5 Bf6 26. Bh6 Rfe8 27. Rc1 Rc8 28. Bb5 Rxc1 29. Qxc1 Rc8 30. Qd1 Qxd5 31. Qe2 e4 32. Nd2 e3 33. Bc4 Rxc4 34. Qxc4 exd2 0-1

[Event "Plovdiv Tringov Memorial 36th"]
[Site "Plovdiv"]
[Date "2014.02.02"]
[Round "1"]
[White "Ermenkov, Evgenij"]
[Black "Roydov, Plamen"]
[Result "1-0"]
[WhiteElo "2427"]
[BlackElo "1757"]
[PlyCount "59"]
[EventDate "2014.02.02"]
[EventType "swiss"]
[EventRounds "9"]
[EventCountry "BUL"]
[SourceTitle "CBM 158 Extra"]
[Source "ChessBase"]
[SourceDate "2014.02.28"]
[SourceVersion "1"]
[SourceVersionDate "2014.02.28"]
[SourceQuality "1"]

1. c4 e6 2. Nf3 Nf6 3. g3 d5 4. b3 c6 5. Bg2 Be7 6. 0-0 0-0 7. d4 Re8 8. Nc3 Nbd7 9. Qc2 b6 10. e4 dxe4 11. Ng5 Bb7 12. Rd1 h6 13. Ngxe4 Nxe4 14. Qxe4 Nf6 15. Qe2 a6 16. Bf4 Qc8 17. Na4 Nd7 18. Qf3 Ra7 19. Qg4 Kh7 20. Qh5 Rf8 21. c5 b5 22. Nc3 Nf6 23. Qe2 Re8 24. Be5 Nd5 25. Qc2+ Kh8 26. Ne4 b4 27. a3 bxa3 28. Rxa3 Qd7 29. Qd2 f5 30. Qxh6+ 1-0

[Event "BUL-ch sf 76th"]
[Site "Plovdiv"]
[Date "2012.02.11"]
[Round "8"]
[White "Velikov, Vladimir"]
[Black "Roydov, Plamen"]
[Result "1-0"]
[WhiteElo "1844"]
[BlackElo "1780"]
[PlyCount "81"]
[EventDate "2012.02.06"]
[EventType "swiss"]
[EventRounds "9"]
[EventCountry "BUL"]
[SourceTitle "CBM 146 Extra"]
[Source "ChessBase"]
[SourceDate "2012.02.29"]
[SourceVersion "1"]
[SourceVersionDate "2012.02.29"]
[SourceQuality "1"]

1. c4 Nf6 2. Nc3 e6 3. g3 c6 4. Bg2 d5 5. cxd5 exd5 6. d4 Bf5 7. Bg5 Be7 8. e3 Nbd7 9. Nf3 Qb6 10. Qe2 Bb4 11. Bxf6 Nxf6 12. 0-0 Qa5 13. Rac1 0-0 14. a3 Bd6 15. Ra1 Qb6 16. b4 Ne4 17. Nxe4 Bxe4 18. Nh4 Bxg2 19. Kxg2 Rfe8 20. Nf5 Bf8 21. Qg4 Re6 22. Rh1 Qd8 23. Nh4 Re4 24. Qh3 a5 25. bxa5 Rxa5 26. a4 g6 27. Rhb1 Re7 28. Nf3 Bg7 29. Rb3 c5 30. Rab1 Qa8 31. dxc5 Rxc5 32. Rb5 Rc2 33. Rxd5 Ra2 34. Rbd1 Re8 35. Rd7 b5 36. R1d5 b4 37. Ng5 h6 38. Nxf7 Rd2 39. Nxh6+ Kh7 40. Nf5+ Kg8 41. Rxg7+ 1-0

[Event "BUL-ch sf 76th"]
[Site "Plovdiv"]
[Date "2012.02.09"]
[Round "5"]
[White "Kolev, Hristian"]
[Black "Roydov, Plamen"]
[Result "1-0"]
[WhiteElo "1798"]
[BlackElo "1780"]
[PlyCount "69"]
[EventDate "2012.02.06"]
[EventType "swiss"]
[EventRounds "9"]
[EventCountry "BUL"]
[SourceTitle "CBM 146 Extra"]
[Source "ChessBase"]
[SourceDate "2012.02.29"]
[SourceVersion "1"]
[SourceVersionDate "2012.02.29"]
[SourceQuality "1"]

1. e4 e5 2. Nf3 Nc6 3. Bc4 Bc5 4. b4 Bxb4 5. c3 Bd6 6. 0-0 Nf6 7. d4 h6 8. Nxe5 Bxe5 9. dxe5 Nxe5 10. Bb3 Qe7 11. f4 Qc5+ 12. Kh1 Neg4 13. e5 Ne4 14. Qxg4 Nf2+ 15. Rxf2 Qxf2 16. Qd1 d6 17. exd6 0-0 18. Qg1 Qh4 19. dxc7 Re8 20. Be3 Bd7 21. Bd5 Rxe3 22. Qxe3 Re8 23. c8Q Rxc8 24. Nd2 Re8 25. Qg3 Qh5 26. c4 Qe2 27. Nf3 Qb2 28. Re1 Rxe1+ 29. Qxe1 Qxa2 30. h3 b5 31. Qe7 Qb1+ 32. Kh2 Qf5 33. Qe5 Qd3 34. Qb8+ Kh7 35. Bxf7 1-0

[Event "BUL-ch sf 76th"]
[Site "Plovdiv"]
[Date "2012.02.07"]
[Round "2"]
[White "Roydov, Plamen"]
[Black "Ninov, Dayan"]
[Result "0-1"]
[WhiteElo "1780"]
[BlackElo "2117"]
[PlyCount "86"]
[EventDate "2012.02.06"]
[EventType "swiss"]
[EventRounds "9"]
[EventCountry "BUL"]
[SourceTitle "CBM 146 Extra"]
[Source "ChessBase"]
[SourceDate "2012.02.29"]
[SourceVersion "1"]
[SourceVersionDate "2012.02.29"]
[SourceQuality "1"]

1. d4 d6 2. Nf3 Nf6 3. Bf4 g6 4. h3 Bg7 5. e3 0-0 6. Be2 c5 7. c3 Qb6 8. Qb3 Be6 9. Qc2 Nc6 10. dxc5 Qxc5 11. Nd4 Bd5 12. 0-0 e5 13. Nxc6 Qxc6 14. Bg3 Bxg2 15. Rd1 Bxh3 16. f3 Bf5 17. e4 Be6 18. Qd3 Nh5 19. Bh2 Rad8 20. c4 Qb6+ 21. Kg2 Qxb2 22. Nc3 Nf4+ 23. Bxf4 exf4 24. Nb5 Qf6 25. Kf1 Bh3+ 26. Ke1 Qh4+ 27. Kd2 Bxa1 28. Rxa1 a6 29. Nd4 Qf6 30. Rb1 b5 31. cxb5 d5 32. e5 Qxe5 33. Nc6 Qd6 34. Nxd8 Rxd8 35. bxa6 Bf5 36. Qb3 Bxb1 37. Qxb1 Qa3 38. Qb3 Qa5+ 39. Kd1 Qc5 40. Qb7 Rc8 41. Qb2 h5 42. Bd3 Qg1+ 43. Kd2 Qe3+ 0-1

[Event "BUL-ch sf 75th"]
[Site "Plovdiv"]
[Date "2011.02.07"]
[Round "1"]
[White "Roydov, Plamen"]
[Black "Angelov, Angel"]
[Result "0-1"]
[WhiteElo "1674"]
[BlackElo "2209"]
[PlyCount "94"]
[EventDate "2011.02.07"]
[EventType "swiss"]
[EventRounds "9"]
[EventCountry "BUL"]
[SourceTitle "CBM 140 Extra"]
[Source "ChessBase"]
[SourceDate "2011.03.01"]
[SourceVersion "1"]
[SourceVersionDate "2011.03.01"]
[SourceQuality "1"]

1. d4 Nf6 2. Nf3 g6 3. Bf4 Bg7 4. e3 0-0 5. Bd3 d6 6. h3 b6 7. 0-0 Bb7 8. Nbd2 Nbd7 9. c3 e5 10. dxe5 dxe5 11. Bxe5 Nxe5 12. Nxe5 Qd5 13. Ndf3 Rad8 14. Bc4 Qc5 15. Qb3 Bd5 16. Rad1 c6 17. Bxd5 cxd5 18. Rd3 Qd6 19. c4 dxc4 20. Qxc4 Qe6 21. Qxe6 fxe6 22. Rfd1 Rxd3 23. Rxd3 Ne4 24. Nc4 Rc8 25. b3 b5 26. Nce5 Rc1+ 27. Kh2 Bxe5+ 28. Nxe5 Nxf2 29. Rd8+ Kg7 30. Kg3 Kf6 31. Nf3 Ne4+ 32. Kf4 Nc3 33. Rd2 Nd5+ 34. Ke4 b4 35. Kd3 Rc3+ 36. Kd4 Nxe3 37. g4 g5 38. Rd3 Nd5 39. Rxc3 bxc3 40. Kd3 e5 41. Kc2 e4 42. Nd4 Ke5 43. Ne2 Nf4 44. Ng1 Kd4 45. b4 Ke3 46. Kxc3 Ne2+ 47. Nxe2 Kxe2 0-1

[Event "BUL-ch sf"]
[Site "Plovdiv"]
[Date "2010.01.24"]
[Round "1"]
[White "Pantev, Veselin"]
[Black "Roydov, Plamen"]
[Result "1-0"]
[WhiteElo "2369"]
[BlackElo "1941"]
[PlyCount "61"]
[EventDate "2010.01.24"]
[EventType "swiss"]
[EventRounds "9"]
[EventCountry "BUL"]
[SourceTitle "CBM 134 Extra"]
[Source "ChessBase"]
[SourceDate "2010.03.03"]
[SourceVersion "1"]
[SourceVersionDate "2010.03.03"]
[SourceQuality "1"]

1. d4 Nf6 2. Nf3 g6 3. Bf4 Bg7 4. e3 d6 5. c4 Nbd7 6. Nc3 0-0 7. Be2 Re8 8. 0-0 Nh5 9. Bg5 c5 10. d5 Nhf6 11. e4 h6 12. Bf4 Ng4 13. h3 Nge5 14. Nd2 g5 15. Be3 Ng6 16. g3 Ndf8 17. Bg4 Ne5 18. Bxc8 Qxc8 19. Kg2 g4 20. hxg4 Qxg4 21. f4 Qxd1 22. Nxd1 Ng4 23. Bg1 e6 24. Kf3 f5 25. dxe6 h5 26. exf5 Rad8 27. Ne3 Nxe3 28. Bxe3 b6 29. Ne4 Bxb2 30. Rad1 Nh7 31. Nxd6 1-0

[Event "Albena op"]
[Site "Albena"]
[Date "2009.06.26"]
[Round "7"]
[White "Roydov, Plamen"]
[Black "Kopasov, Evgeny Aleksandrovi"]
[Result "0-1"]
[WhiteElo "1703"]
[BlackElo "2075"]
[PlyCount "50"]
[EventDate "2009.06.20"]
[EventType "swiss"]
[EventRounds "9"]
[EventCountry "BUL"]
[SourceTitle "CBM 130 Extra"]
[Source "ChessBase"]
[SourceDate "2009.07.02"]
[SourceVersion "2"]
[SourceVersionDate "2009.07.15"]
[SourceQuality "1"]

1. d4 d5 2. c4 e6 3. Nc3 c6 4. Nf3 dxc4 5. a4 Bb4 6. e3 b5 7. Bd2 a5 8. axb5 Bxc3 9. Bxc3 cxb5 10. d5 Nf6 11. Bxf6 Qxf6 12. Qd4 Qxd4 13. Nxd4 Bd7 14. dxe6 fxe6 15. b3 e5 16. Nf3 cxb3 17. Nxe5 a4 18. Nxd7 b2 19. Rd1 a3 20. Bxb5 Nxd7 21. Rxd7 a2 22. Ra7+ Kd8 23. Rxa8+ Kc7 24. Rxh8 b1Q+ 25. Ke2 Qxh1 0-1